00805nam a2200229 a 450000100060000000300080000600500170001400800410003103500190007204000350009104100080012608200250013424501100015926000370026930000330030649000690033950400250040865000400043365000120047370000210048583000690050668588BD-RjUL20211209081805.0170403s1960 enka|||| b||| 00| 0 eng d a(BD-RjUL)68798 aBD-RjULbengcBD-RjULdBD-RjUL aeng 223a533.12bRAR 1960 aRarefied gas dynamics : bProceedings of the First International Symposium held at Nice /cF. M. Devienne aLondon :bPergamon Press,c1960. avi, 442 p. :bill. ;c24 cm. aInternational series on aeronautical sciences and space flight., aInclude Bibliography aRarefied gas dynamics vCongresses. aStatics aDevienne, F. M.  aInternational series on aeronautical sciences and space flight.,